América Latina: un nuevo equilibrio geopolítico (II)
Bewaard in:
| Formaat: | Texto |
|---|---|
| Onderwerpen: | |
| Tags: |
Voeg label toe
Geen labels, Wees de eerste die dit record labelt!
|
MARC
| LEADER | 00000 a a2200000 04500 | ||
|---|---|---|---|
| 001 | 42676 | ||
| 003 | |||
| 040 | |||
| 245 | |a América Latina: |b un nuevo equilibrio geopolítico (II) | ||
| 650 | |a GEOPOLITICA | ||
| 650 | |a MILITARISMO | ||
| 650 | |a GOLPE DE ESTADO | ||
| 650 | |a AMERICA LATINA | ||
| 773 | |g volumen4, número36 (1980) Página: 413 | ||
| 999 | |c 34272 |d 34272 | ||
| 773 | 0 | |0 42391 |9 3844 |a Agencia Latinoamericana de Información, ALAI |d Quito, Ecuador: ALAI |o 04406 |t ALAI: |x 08275564 (Servicio mensual de información y documentación) | |
